Logo BPK

Biblioteka

Politechniki Koszalińskiej

Kategorii castnych i teorija gomotopij / (Rekord nr 14278)

Szczegóły MARC
000 -ETYKIETA REKORDU
podpole kontrolne o stałej długości 00456nam a2200169 i 4500
001 - NUMER KONTROLNY REKORDU
pole kontrolne bg
040 ## - ŹRÓDŁO KATALOGOWANIA
Instytucja, która utworzyła rekord BPK
041 ## - KOD JĘZYKA
Kod języka tekstu pol
080 ## - UNIWERSALNA KLASYFIKACJA DZIESIĘTNA - UKD
UKD 515.1
008 - POLE O STAŁEJ DŁUGOŚCI - DANE KONTROLNE
podpole kontrolne o stałej długości s pl f |000 0 pol
100 1# - NAZWA OSOBOWA
Nazwa osobowa GABRIEL', P.
245 #0 - TYTUŁ/ODPOWIEDZIALNOŚĆ
Tytuł Kategorii castnych i teorija gomotopij /
Pozostałe elementy strefy tytułu i oznaczenia odpowiedzialności P. Gabriel, M. Cisman ; Perev. s angl. M. M. Postnikova.
260 ## - STREFA ADRESU WYDAWNICZEGO
Miejsce wydania Moskwa :
Nazwa wydawcy/dystrybutora Izdat. "Mir",
Data publikacji, dystrybucji/powstania dokumentu 1971.
300 ## - STREFA OPISU FIZYCZNEGO
Objętość s. 296 :
Inne cechy fizyczne ilustr.
700 1# - HASŁO DODATKOWE - NAZWA OSOBOWA
Nazwa osobowa CISMAN, M.
942 ## - DODATKOWE ELEMENTY (KOHA)
Typ dokumentu Książka
Egzemplarze
Wycofany Status egzemplarza Uszkodzony Dostępność Lokalizacja stała Lokalizacja bieżąca Miejsce przechowywania Sygnatura Kod kreskowy Typ dokumentu
      Dostępny Biblioteka Politechniki Koszalińskiej Biblioteka Politechniki Koszalińskiej Wypożyczalnia BG 13650 01748116 Książka
© 2023 Biblioteka Politechniki Koszalińskiej :: KOHA